000 00956nam a22002657a 4500
001 8924
003 FISKH
005 20251110084806.0
008 251110b cb ||||| |||| 00| 0 eng d
020 _a9780545152280
040 _aFISKH
_beng
_cFISKH
_dFISKH
082 _a 668.4
100 _aNelson, May
245 _aUse it, reuse it:
_bPlastic /
_cby May Nelson
260 _aNew York :
_bScholastic,
_c2008.
300 _a28 pages :
_bcolor illustrations ;
_c22 cm
505 _aG
520 _aUse it, then reuse it! Follow a plastic bottle on its journey to a new life. What will it become? What is good about plastic? What do tennis balls have to do with plastic? What can YOU make out of plastic?
521 8 _a360
_bLexile IG
521 8 _aG
_bRaz-Plus
650 _aPhysical science
_vJuvenile literature
_xEnvironment
_yScience Books
650 _aRecycling
_vNon-fiction
_xPlastic
942 _2ddc
_cBK
_n0
999 _c8924
_d8924